| 000 | 00724nas a2200229 4500 | ||
|---|---|---|---|
| 001 | BR9503627 | ||
| 003 | BR-BrBNA | ||
| 005 | 20231205094050.0 | ||
| 007 | ta | ||
| 008 | 230509b bl.|||p| |||| 00| 00por d | ||
| 040 |
_aBR-BrBNA _bpor _cBiblioteca Nacional de Agricultura |
||
| 041 | _a(Pt) | ||
| 072 | _aL50 | ||
| 100 | 1 | _aPessoa, J.M. | |
| 245 | 1 | _aReserva alcalina em sangue de caes normais e anestesiados pelo pentobarbital sodico | |
| 650 | _aCao | ||
| 650 | _aAnestesico | ||
| 650 | _aFisiologia Animal | ||
| 773 | 0 |
_tArquivos da Escola de Veterinaria da Universidade Federal de Minas Gerais (Brazil) _x _g(1965), v. 17 p. 93-100 _wBR9503627 |
|
| 909 |
_a202311 _bLúcia _c55 _dLúcia Elande |
||
| 942 |
_2AGRIS _n0 _cANA |
||
| 999 |
_c141865 _d141865 |
||